书目信息 |
| 题名: |
英美概况
|
|
| 作者: | 温洪瑞 , 李学珍 主编 | |
| 分册: | ||
| 出版信息: | 济南 山东大学出版社 2004.07 |
|
| 页数: | 467页 | |
| 开本: | 21cm | |
| 丛书名: | ||
| 单 册: | ||
| 中图分类: | H319.4 | |
| 科图分类: | ||
| 主题词: | 英语--ying yu--语言读物 | |
| 电子资源: | ||
| ISBN: | 7-5607-1833-7 | |
| 000 | 01029nam0 2200277 450 | |
| 001 | 012007358000 | |
| 005 | 20071107205746.08 | |
| 010 | @a7-5607-1833-7@dCNY18.00 | |
| 100 | @a20071107d2004 km y0chiy0120 ea | |
| 101 | 0 | @achi@aeng |
| 102 | @aCN@b370000 | |
| 105 | @ay z 000yy | |
| 106 | @ar | |
| 200 | 1 | @a英美概况@Aying mei gai kuang@f温洪瑞, 李学珍主编@Fwen hong rui,li xue zhen zhu bian |
| 205 | @a修订版 | |
| 210 | @a济南@c山东大学出版社@d2004.07 | |
| 215 | @a467页@d21cm | |
| 312 | @a英文并列题名取自封面。 | |
| 330 | @a本书提供学习英语必须掌握的英美两国的地理、政治、经济和历史知识,全书共20课,每一课都附有知识性练习、讨论与思考题,并有内容提要,书后附有英美历史大事记、英王朝历代国王名表及任期、美国50州、美国历任总统名表及任期等。 | |
| 510 | 1 | @aBrief introduction to Britain and America@zeng |
| 606 | 0 | @a英语@Aying yu@j语言读物 |
| 690 | @aH319.4@v4 | |
| 701 | 0 | @a温洪瑞@Awen hong rui@4主编 |
| 701 | 0 | @a李学珍@Ali xue zhen@4主编 |
| 801 | 0 | @aCN@b@c20071107 |
| 905 | @b266274-76@dH319.4@eW620@f3 | |
| 英美概况/温洪瑞, 李学珍主编.-修订版.-济南:山东大学出版社,2004.07 |
| 467页;21cm |
| ISBN 7-5607-1833-7:CNY18.00 |
| 本书提供学习英语必须掌握的英美两国的地理、政治、经济和历史知识,全书共20课,每一课都附有知识性练习、讨论与思考题,并有内容提要,书后附有英美历史大事记、英王朝历代国王名表及任期、美国50州、美国历任总统名表及任期等。 |
| ● |
| 相关链接 |
|
|
|
正题名:英美概况
索取号:H319.4/W620
 
预约/预借
| 序号 | 登录号 | 条形码 | 馆藏地/架位号 | 状态 | 备注 |
| 1 | 266274 | 202662742 | 语言库209/209语言库 49排4列3层/ [索取号:H319.4/W620] | 在馆 | |
| 2 | 266275 | 202662751 | 语言库209/209语言库 49排4列3层/ [索取号:H319.4/W620] | 在馆 | |
| 3 | 266276 | 202662760 | 语言库209/209语言库 49排4列3层/ [索取号:H319.4/W620] | 在馆 |